| LEADER | 01634nam a2200205 4500 | ||
|---|---|---|---|
| 082 | |a 750 |b P300P | ||
| 100 | |a PIPER, DAVID | ||
| 245 | |a Thưởng ngoạn hội họa |c David Piper: Lê Thanh Lộc biên dịch | ||
| 260 | |a H. |b Văn hóa Thông tin |c 1997 | ||
| 300 | |a 479tr. |c 19cm | ||
| 520 | |a v..v | ||
| 653 | |a Hội họa | ||
| 942 | |2 ddc |c STK0 | ||
| 999 | |c 4144 |d 4144 | ||
| 952 | |0 0 |1 0 |2 ddc |4 0 |6 750_000000000000000_P300P |7 0 |8 700 |9 41998 |a qbu |b qbu |c D5 |d 2014-12-18 |g 50000 |o 750 P300P |p 4649.c1 |r 0000-00-00 |w 2014-12-18 |y STK0 |0 0 |6 750_000000000000000_P300P |0 0 |6 750_000000000000000_P300P | ||
| 952 | |0 0 |1 0 |2 ddc |4 0 |6 750_000000000000000_P300P |7 0 |8 700 |9 41999 |a qbu |b qbu |c D5 |d 2014-12-18 |g 50000 |o 750 P300P |p 4649.c2 |r 0000-00-00 |w 2014-12-18 |y STK0 |0 0 |6 750_000000000000000_P300P |0 0 |6 750_000000000000000_P300P | ||
| 952 | |0 0 |1 0 |2 ddc |4 0 |6 750_000000000000000_P300P |7 0 |8 700 |9 42000 |a qbu |b qbu |c D5 |d 2014-12-18 |g 50000 |o 750 P300P |p 4649.c3 |r 0000-00-00 |w 2014-12-18 |y STK0 |0 0 |6 750_000000000000000_P300P |0 0 |6 750_000000000000000_P300P | ||
| 952 | |0 0 |1 0 |2 ddc |4 0 |6 750_000000000000000_P300P |7 0 |8 700 |9 42001 |a qbu |b qbu |c D5 |d 2014-12-18 |g 50000 |o 750 P300P |p 4649.c4 |r 0000-00-00 |w 2014-12-18 |y STK0 |0 0 |6 750_000000000000000_P300P |0 0 |6 750_000000000000000_P300P | ||
| 952 | |0 0 |1 0 |2 ddc |4 0 |6 750_000000000000000_P300P |7 0 |8 700 |9 42002 |a qbu |b qbu |c D5 |d 2014-12-18 |g 50000 |o 750 P300P |p 4649.c5 |r 0000-00-00 |w 2014-12-18 |y STK0 |0 0 |6 750_000000000000000_P300P |0 0 |6 750_000000000000000_P300P | ||
| 952 | |0 0 |1 0 |2 ddc |4 0 |6 750_000000000000000_P300P |7 0 |8 700 |9 107890 |a qbu |b qbu |c D5 |d 2016-09-28 |g 50000 |o 750 P300P |p 4649.c6 |r 0000-00-00 |w 2016-09-28 |y STK0 |0 0 |6 750_000000000000000_P300P |0 0 |6 750_000000000000000_P300P | ||